000 00399nam a2200145Ia 4500
008 090124s9999 xx 000 0 und d
082 _b202228
245 _a पीक-संरक्षण
250 _a1
260 _bउद्यम प्रकाशन
_c1967
300 _a208
630 _a पीक-संरक्षण
730 _a पीक-संरक्षण
942 _cBOOK
999 _c183809
_d183809